Losers of U.S. Presidential Elections - Statistics

General Stats
  • This quiz has been taken 259 times
  • The average score is 43 of 78
Answer Stats
Party Candidate Year % Correct
Republican Donald Trump 2020
97%
Democratic Hillary Clinton 2016
97%
Democratic Kamala Harris 2024
97%
Federalist DeWitt Clinton 1812
95%
Republican Mitt Romney 2012
91%
Republican Richard Nixon 1960
91%
Democratic Al Gore 2000
90%
Republican George H. W. Bush 1992
89%
Republican John McCain 2008
87%
Republican Gerald Ford 1976
85%
Democratic Jimmy Carter 1980
85%
Democratic John Kerry 2004
82%
Progressive Theodore Roosevelt 1912
82%
Democratic Walter Mondale 1984
82%
Federalist John Adams 1800
80%
Federalist John Adams 1792
80%
Federalist John Adams 1789
80%
National Republican John Quincy Adams 1828
80%
Democratic-Republican John Quincy Adams 1820
80%
Democratic-Republican Thomas Jefferson 1796
80%
Republican Bob Dole 1996
75%
Republican Herbert Hoover 1932
75%
Republican Barry Goldwater 1964
74%
Democratic Michael Dukakis 1988
74%
Republican William Taft 1912
72%
Democratic-Republican Andrew Jackson 1824
71%
Democratic George McGovern 1972
69%
Democratic Hubert Humphrey 1968
68%
Republican Thomas Dewey 1948
68%
Republican Thomas Dewey 1944
68%
Democratic Grover Cleveland 1888
64%
Democratic Adlai Stevenson 1956
63%
Democratic Adlai Stevenson 1952
63%
Republican Benjamin Harrison 1892
62%
American Independent George Wallace 1968
62%
Whig William Henry Harrison 1836
62%
Democratic Martin Van Buren 1840
57%
Democratic William Bryan 1908
54%
Democratic-Populist William Bryan 1900
54%
Democratic-Populist William Bryan 1896
54%
Democratic Alfred Smith 1928
53%
Republican Alfred Landon 1936
51%
Democratic-Republican Aaron Burr 1800
48%
Whig Henry Clay 1844
47%
National Republican Henry Clay 1832
47%
Democratic-Republican Henry Clay 1824
47%
American Millard Fillmore 1856
47%
Republican Wendell Willkie 1940
47%
States' Rights Democratic J. Strom Thurmond 1948
45%
Democratic Stephen A. Douglas 1860
44%
Democratic George McClellan 1864
43%
Democratic John C. Breckinridge 1860
42%
Republican Charles Hughes 1916
36%
Democratic John Davis 1924
36%
Progressive Robert LaFollette 1924
36%
Democratic James Cox 1920
35%
Republican John C. Fremont 1856
35%
Democratic Samuel Tilden 1876
35%
Federalist Charles Pinckney 1808
33%
Federalist Charles Pinckney 1804
33%
Constitutional Union John Bell 1860
33%
Whig Winfield Scott 1852
33%
Democratic Harry Byrd 1960
32%
Democratic Alton Parker 1904
28%
Republican James Blaine 1884
28%
Democratic Winfield Hancock 1880
28%
Federalist Rufus King 1816
27%
Democratic Horatio Seymour 1868
24%
Democratic Lewis Cass 1848
24%
People's James Weaver 1892
17%
Whig Daniel Webster 1836
16%
Democratic-Republican William H. Crawford 1824
16%
Anti-Masonic William Wirt 1832
13%
Democratic Benjamin Gratz Brown 1872
12%
Democratic Thomas A. Hendricks 1872
12%
Whig Hugh L. White 1836
11%
Independent John Floyd 1832
9%
Independent W.P. Magnum 1836
9%
No matching quizzes found
Score Distribution
Percent of People with Each Score
Percentile by Number Answered
Your Score History
You have not taken this quiz